| 000 | 004670000a22001690004500 | ||
|---|---|---|---|
| 041 | 0 | _aSPA | |
| 082 | 0 | 4 | _aG 262.1 C5811m |
| 100 | 1 | _aCita-Malard, Suzane (1907- ) | |
| 245 | 1 | 0 | _aLas mujeres en la iglesia a la luz del Vaticano II / Suzanne Cita-Malard |
| 260 | _aBilbao, España : Mensajero | ||
| 300 | _a372 Pag | ||
| 001 | 7043 | ||
| 942 | _cBK | ||
| 999 |
_c37278 _d37278 |
||
| 336 |
_atexto _btxt _2rdacontent |
||
| 337 |
_2rdamedia _asin mediación _bn |
||
| 338 |
_2rdacarrier _avolumen _bnc |
||